|
|
|
|
| LEADER |
01527nam a2200373Ia 4500 |
| 001 |
EBC1113177 |
| 003 |
MiAaPQ |
| 005 |
20200520144314.0 |
| 006 |
m o d | |
| 007 |
cr cn||||||||| |
| 008 |
030218s2002 si sb 001 0 eng d |
| 020 |
|
|
|z 1879771683 (pbk.)
|
| 020 |
|
|
|z 9781879771680
|
| 020 |
|
|
|z 9789814350945
|
| 035 |
|
|
|a (MiAaPQ)EBC1113177
|
| 035 |
|
|
|a (Au-PeEL)EBL1113177
|
| 035 |
|
|
|a (CaPaEBR)ebr10648626
|
| 035 |
|
|
|a (CaONFJC)MIL428466
|
| 035 |
|
|
|a (OCoLC)827210171
|
| 040 |
|
|
|a MiAaPQ
|c MiAaPQ
|d MiAaPQ
|
| 050 |
|
4 |
|a PL3097.S55
|b W6 2002
|
| 100 |
1 |
|
|a Wong, Yoon-wah.
|
| 245 |
1 |
0 |
|a Post-colonial Chinese literatures in Singapore and Malaysia
|h [electronic resource] /
|c Wong Yoon Wah.
|
| 260 |
|
|
|a Singapore :
|b Department of Chinese Studies, National University of Singapore ;
|a River Edge, NJ :
|b Global Publishing,
|c c2002.
|
| 300 |
|
|
|a vi, 173 p.
|
| 490 |
1 |
|
|a Studies in Southeast Asian Chinese ;
|v v. 4
|
| 504 |
|
|
|a Includes bibliographical references and index.
|
| 533 |
|
|
|a Electronic reproduction. Ann Arbor, MI : ProQuest, 2015. Available via World Wide Web. Access may be limited to ProQuest affiliated libraries.
|
| 650 |
|
0 |
|a Singaporean literature (Chinese)
|x History and criticism.
|
| 650 |
|
0 |
|a Malaysian literature (Chinese)
|x History and criticism.
|
| 655 |
|
4 |
|a Electronic books.
|
| 710 |
2 |
|
|a ProQuest (Firm)
|
| 830 |
|
0 |
|a Dong nan Ya Hua ren yan jiu cong shu ;
|v 4.
|
| 856 |
4 |
0 |
|u https://ebookcentral.proquest.com/lib/matrademy/detail.action?docID=1113177
|z Click to View
|